| 000 | 00633nam a2200229Ia 4500 | ||
|---|---|---|---|
| 005 | 20260429112031.0 | ||
| 008 | 260429s9999||||xx |||||||||||||| ||und|| | ||
| 020 | _a9780367443788 | ||
| 041 | _aEnglish | ||
| 082 |
_a153.35 _bBAL |
||
| 100 | _aBall, Linden J. | ||
| 245 | 0 |
_aRoutledge international handbook of creative cognition / _cLinden J. Ball |
|
| 250 | _a1st ed. | ||
| 260 |
_aUnited Kingdom : _bRoutledge, _c2024. |
||
| 300 | _axxxii, 801 p.; hb | ||
| 650 | _a Creativity | ||
| 650 | _a Intelligence | ||
| 650 | _a Mental process | ||
| 650 | _aPsychology | ||
| 700 | _a Vallee-Tourangeau, Frederic | ||
| 942 | _cTB | ||
| 999 |
_c52003 _d52003 |
||